00548nam a2200169 a 450000100060000000300090000600800410001502000150005604000280007108200150009911000180011424500340013226000360016630000090020250501450021165000220035611886CO-ViMGA141112s2004 ck r 000 u spa d a8480552816 aCO-ViMGAbspacCO-ViMGA04a620.1 M321 aCultural S.A.10aManual de mecanica industrial aMadrid, cCultural S.A., c1999 a4 V. aVol. 1 : soldadura y materiales Vol. 2 : Neumática e hidráulica Vol. 3 : Autómatas y robótica Vol. 4 : Maquinas y control númerico14aMECANICA APLICADA